000 00310nam a2200121 a 4500
005 20141022142009.0
008 120228s19uu xx 00 eng d
050 _aCD-ROM
_bF95 2004
245 _aProcedures and theory for administrative professionals.
250 _a5th ed.
260 _c2004.
942 _cAVM
999 _c276639
_d276639